Die hessische Renitenz: ihre Geschichte und ihr Sinn
| Main Author: | |
|---|---|
| Format: | Print Book |
| Language: | German |
| Subito Delivery Service: | Order now. |
| Check availability: | HBZ Gateway |
| WorldCat: | WorldCat |
| Interlibrary Loan: | Interlibrary Loan for the Fachinformationsdienste (Specialized Information Services in Germany) |
| Published: |
Kassel
Bärenreiter-Verl.
1930
|
| In: | Year: 1930 |
| Reviews: | Wicke, Karl, Die hessische Renitenz (1930) (Nagel, William, 1905 - 1995)
Wicke, Karl, Die hessische Renitenz (1931) (Cohrs, Ferdinand, 1864 - 1933) Wicke, Karl, Die hessische Renitenz (1930) (Nagel, William, 1905 - 1995) Wicke, Karl, Die hessische Renitenz (1931) (Cohrs, Ferdinand, 1864 - 1933) |
| Standardized Subjects / Keyword chains: | B
Church history studies
/ Hesse-Kassel
/ Hesse
/ Deutschland (boat, 1866-1875)
|
| Further subjects: | B
Thesis
|
MARC
| LEADER | 00000cam a2200000 c 4500 | ||
|---|---|---|---|
| 001 | 1107975646 | ||
| 003 | DE-627 | ||
| 005 | 20250606225934.0 | ||
| 007 | tu | ||
| 008 | 940317s1930 xx ||||| m 00| ||ger c | ||
| 035 | |a (DE-627)1107975646 | ||
| 035 | |a (DE-576)037975641 | ||
| 035 | |a (DE-599)BSZ037975641 | ||
| 035 | |a (OCoLC)1374346137 | ||
| 035 | |a (OCoLC)04989327 | ||
| 040 | |a DE-627 |b ger |c DE-627 |e rakwb | ||
| 041 | |a ger | ||
| 084 | |a 1 |2 ssgn | ||
| 100 | 1 | |8 1\p |0 (DE-588)1238390285 |0 (DE-627)1765895715 |4 aut |a Wicke, Karl |d 1905- | |
| 109 | |a Wicke, Karl 1905- |a Wicke, Carl 1905- | ||
| 245 | 1 | 4 | |a Die hessische Renitenz |b ihre Geschichte und ihr Sinn |c Karl Wicke |
| 264 | 1 | |a Kassel |b Bärenreiter-Verl. |c 1930 | |
| 300 | |a 194 S. |b Ill. |c 8° | ||
| 336 | |a Text |b txt |2 rdacontent | ||
| 337 | |a ohne Hilfsmittel zu benutzen |b n |2 rdamedia | ||
| 338 | |a Band |b nc |2 rdacarrier | ||
| 500 | |a In Fraktur. - Hochschulschriftenvermerk ermittelt | ||
| 502 | |a Zugl.: Erlangen, Univ., Diss. | ||
| 583 | 1 | |a Archivierung prüfen |c 20200919 |f DE-640 |z 3 |2 pdager | |
| 583 | 1 | |a Archivierung/Langzeitarchivierung gewährleistet |f SSG |x XA-DE-BW |2 pdager |5 DE-21 | |
| 601 | |a Hessisch | ||
| 601 | |a Geschichte | ||
| 655 | 7 | |a Hochschulschrift |0 (DE-588)4113937-9 |0 (DE-627)105825778 |0 (DE-576)209480580 |2 gnd-content | |
| 689 | 0 | 0 | |d s |0 (DE-588)4030720-7 |0 (DE-627)104814403 |0 (DE-576)208988815 |2 gnd |a Kirchengeschichte |
| 689 | 0 | 1 | |d g |0 (DE-588)4072472-4 |0 (DE-627)10609503X |0 (DE-576)209187166 |2 gnd |a Hessen-Kassel |
| 689 | 0 | 2 | |d g |0 (DE-588)4024729-6 |0 (DE-627)106296795 |0 (DE-576)208957057 |2 gnd |a Hessen |
| 689 | 0 | 3 | |d g |0 (DE-588)4011882-4 |0 (DE-627)104704861 |0 (DE-576)208896155 |2 gnd |a Deutschland |
| 689 | 0 | |5 (DE-627) | |
| 751 | |a Erlangen |0 (DE-588)4015299-6 |0 (DE-627)106337254 |0 (DE-576)208911154 |4 uvp | ||
| 787 | 0 | 8 | |i Rezension |a Nagel, William, 1905 - 1995 |t Wicke, Karl, Die hessische Renitenz |d 1930 |w (DE-627)1471887790 |w (DE-576)401887790 |
| 787 | 0 | 8 | |i Rezension |a Cohrs, Ferdinand, 1864 - 1933 |t Wicke, Karl, Die hessische Renitenz |d 1931 |w (DE-627)1464485097 |w (DE-576)394485092 |
| 787 | 0 | 8 | |i Rezensiert in |a Nagel, William, 1905 - 1995 |t Wicke, Karl, Die hessische Renitenz |d 1930 |w (DE-627)1520803095 |w (DE-576)450803090 |
| 787 | 0 | 8 | |i Rezensiert in |a Cohrs, Ferdinand, 1864 - 1933 |t Wicke, Karl, Die hessische Renitenz |d 1931 |w (DE-627)1521188890 |w (DE-576)451188896 |
| 883 | |8 1\p |a cgwrk |d 20241001 |q DE-101 |u https://d-nb.info/provenance/plan#cgwrk | ||
| 951 | |a BO | ||
| ELC | |b 1 | ||
| ITA | |a 1 |t 1 | ||
| LOK | |0 000 xxxxxcx a22 zn 4500 | ||
| LOK | |0 001 2226084533 | ||
| LOK | |0 003 DE-627 | ||
| LOK | |0 004 1107975646 | ||
| LOK | |0 005 20131018130517 | ||
| LOK | |0 008 020606||||||||||||||||ger||||||| | ||
| LOK | |0 040 |a DE-21 |c DE-627 |d DE-21 | ||
| LOK | |0 852 |a DE-21 | ||
| LOK | |0 852 1 |c 7 A 10668 |9 00 | ||
| LOK | |0 935 |a konv |a theo | ||
| LOK | |0 939 |a 06-06-02 |b l01 | ||
| ORI | |a SA-MARC-ixtheoa001.raw | ||
| STA | 0 | 0 | |a Church history studies,Church,Church history,Church history,Deutschland (boat, 1866-1875),Germany,Germany,Germany,Germany,German Federal Republic (motif),Germany,Germany,Germany,Germany,Germany,Germany,Germany,German Democratic Republic,Germany,Federal Republic of Germany,Germany,Germany,Soviet Occupation Zone,French Occupation Zone,Hesse,Hesse,Hessen,Southern Hesse,Hesse-Kassel,Electorate,Hessen-Kassel,Kurfürstentum,Kurhessen |
| STB | 0 | 0 | |a Deutschland (bateau, 1866-1875),Allemagne,Allemagne,République fédérale d'Allemagne (motif),Histoire de l’Église,Histoire de l’Église,Histoire du christianisme (discipline),Histoire du christianisme |
| STC | 0 | 0 | |a Alemania,Alemania,Historia eclesiástica,Historia eclesiástica,Historia eclesiástica |
| STD | 0 | 0 | |a Germania,Germania,Storia della Chiesa,Storia della Chiesa |
| STE | 0 | 0 | |a 德国,德国,教会历史研究,教会 |
| STF | 0 | 0 | |a 德國,德國,教會歷史研究,教會 |
| STG | 0 | 0 | |a Alemanha,Alemanha,História eclesiástica,História eclesiástica |
| STH | 0 | 0 | |a Германия (ГДР, мотив),Германия (мотив),История церкви (дисциплина),История церкви |
| STI | 0 | 0 | |a Γερμανία (ΛΔΓ, μοτίβο),Γερμανία (μοτίβο),Εκκλησιαστική Ιστορία (μάθημα),Εκκλησιαστική Ιστορία |
| SYG | 0 | 0 | |a Kirche , Kurfürstentum Hessen,Landgrafschaft Hessen-Kassel,Hessen-Cassel,Staat Kurhessen,Hasso-Casselanus,Hasso-Casselanus,Hessen,Kurhessen , Großhessen,Groß-Hessen,Land Greater Hesse,Land Hessen,Staat Hessen,Hesse,Assia,Freistaat Hessen,Volksstaat Hessen,Republik Hessen,Gessen,Greater Hesse,Gross-Hessen,Hessen , DDR,Deutsche Demokratische Republik,Germany,Amerikanische Zone Deutschlands,BRD,Britische Zone Deutschlands,Bundesrepublik Deutschland,Französische Zone Deutschlands,Vereinigtes Wirtschaftsgebiet Deutschlands,BRD,Bundesrepublik Deutschland , Vereinigtes Wirtschaftsgebiet,Bizone,Verwaltung des Vereinigten Wirtschaftsgebietes,Französische Zone,Zone Française d'Occupation,Französische Besatzungszone,ZFO,Britische Zone,British occupation zone,Britische Besatzungszone,British Zone of Control,Britisches Kontrollgebiet,British Element,Britisches Element,Sowjetische Zone,Russische Zone,Sowjetische Besatzungszone,Russische Besatzungszone,Sowjetische Besatzungszone Deutschlands,Sowjetische Besatzungszone in Deutschland,Sowjetisch Besetzte Zone,Sowjetzone,Ostzone,SBZ,Länder,Westliche Bundesländer,Alte Bundesländer,Deutschland,Westdeutschland,Deutschland,Westzonen,Westliche Besatzungszonen,Trizone,Amerikanische Zone,American occupation zone,Amerikanische Besatzungszone,ABZ,United States Area of Control,Amerikanisches Kontrollgebiet,U.S. zone of occupation,United States Zone,U.S. Zone,US-Zone,Alemanha,Alemania,Allemagne,Almanija,Almāniyā,Bondsrepubliek Duitsland,BRD,BRD,Bundesrepublik Deutschland,Deutschland,Deutschland,Federal Republic of Germany,Förbundsrepubliken Tyskland,Förbundsrepublikken Tyskland,FRG,Germany,Németországi Szövetségi Kőztársaság,Niemiecka Republika Federalna Niemiecka Republika Federalna,NRF,Repubblica Federale di Germania,Republic of Germany,República Federal da Alemanha,República Federal de Alemania,Republik Federasi Djerman,Republika Federalna Niemiec,République Fédérale d'Allemagne,RFN,Saksan Liittotasavalta,Westdeutschland,Deutsche Demokratische Republik,DDR,Deutschland,German Democratic Republic,GDR,République Démocratique Allemande,RDA,Germanskaja Demokratičeskaja Respublika,Demokratičeskaja Respublika,Democratic Republic,Demokratische Republik,Niemiecka Republika Demokratyczna,NRD,Ǧumhūrīyat Almāniyā ad-Dīmuqrāṭīya,República Democrática Alemana,Saksan Demokraattisen Tasavallan,Repubblica Democratica Tedesca,Mitteldeutschland,Ostdeutschland,East Germany,Ostzone,Deutsche Länder,Germany,Heiliges Römisches Reich,Rheinbund,Deutscher Bund,Norddeutscher Bund,Deutsches Reich,Deutschland,Deutschland,BRD,Federal Republic of Germany,Republic of Germany,Allemagne,Ǧumhūrīyat Almāniyā al-Ittiḥādīya,Bundesrepublik Deutschland,BRD,Niemcy,République Fédérale d'Allemagne,Repubblica Federale di Germania,Germanija,Federativnaja Respublika Germanija,FRG,Deyizhi-Lianbang-Gongheguo,Östliche Bundesländer,Neue Bundesländer,Länder,Deutschland,Ostdeutschland,Deutschland,Deutschland |
| TIM | |a 100015670101_100018671231 |b 1567 - 1867 | ||